000 00820cam a22002893a 4500
001 4382
003 PGUSA
005 20140828083053.0
008 030801s2003||||xxu|||||s|||||000 1 eng d
040 _aPGUSA
_beng
042 _adc
050 4 _aPS
100 1 _aNorris, Frank,
_d1870-1902
245 1 4 _aThe Pit :
_bA Story of Chicago
_h[electronic resource] /
_cFrank Norris
260 _bProject Gutenberg,
_c2003
506 _aPublic domain in the USA.
516 _aElectronic text
653 _aDomestic fiction
653 _aDidactic fiction
653 _aMarried people -- Fiction
653 _aChicago (Ill.) -- Fiction
653 _aPsychological fiction
653 _aWheat trade -- Fiction
830 0 _aProject Gutenberg
_v4382
856 4 0 _uhttp://www.gutenberg.org/ebooks/4382
942 _cEB
999 _c233711
_d233711